Foundations of problem-based learning (Record no. 1009)

000 -LEADER
fixed length control field 03449cam a2200613 a 4500
003 - CONTROL NUMBER IDENTIFIER
control field ALUPE UNIVERSITY
005 - DATE AND TIME OF LATEST TRANSACTION
control field 20210623075105.0
008 - FIXED-LENGTH DATA ELEMENTS--GENERAL INFORMATION
fixed length control field 040610s2004 enk ob 001 0 eng d
020 ## - INTERNATIONAL STANDARD BOOK NUMBER
International Standard Book Number 0335215319 (pbk.)
020 ## - INTERNATIONAL STANDARD BOOK NUMBER
International Standard Book Number 0335215327 (hbk.)
039 ## - LEVEL OF BIBLIOGRAPHIC CONTROL AND CODING DETAIL [OBSOLETE]
Level of rules in bibliographic description exclude
040 ## - CATALOGING SOURCE
Transcribing agency CaPaEBR
050 14 - LIBRARY OF CONGRESS CALL NUMBER
Classification number LB1027
Item number .S28 2004
090 ## - LOCALLY ASSIGNED LC-TYPE CALL NUMBER (OCLC); LOCAL CALL NUMBER (RLIN)
Classification number (OCLC) (R) ; Classification number, CALL (RLIN) (NR) Internet Access
Local cutter number (OCLC) ; Book number/undivided call number, CALL (RLIN) AEVC
090 ## - LOCALLY ASSIGNED LC-TYPE CALL NUMBER (OCLC); LOCAL CALL NUMBER (RLIN)
Classification number (OCLC) (R) ; Classification number, CALL (RLIN) (NR) Internet Access
Local cutter number (OCLC) ; Book number/undivided call number, CALL (RLIN) AVC
090 ## - LOCALLY ASSIGNED LC-TYPE CALL NUMBER (OCLC); LOCAL CALL NUMBER (RLIN)
Classification number (OCLC) (R) ; Classification number, CALL (RLIN) (NR) Internet Access
Local cutter number (OCLC) ; Book number/undivided call number, CALL (RLIN) AEC
090 ## - LOCALLY ASSIGNED LC-TYPE CALL NUMBER (OCLC); LOCAL CALL NUMBER (RLIN)
Classification number (OCLC) (R) ; Classification number, CALL (RLIN) (NR) Internet Access
Local cutter number (OCLC) ; Book number/undivided call number, CALL (RLIN) AEGMCT
090 ## - LOCALLY ASSIGNED LC-TYPE CALL NUMBER (OCLC); LOCAL CALL NUMBER (RLIN)
Classification number (OCLC) (R) ; Classification number, CALL (RLIN) (NR) Internet Access
Local cutter number (OCLC) ; Book number/undivided call number, CALL (RLIN) AEKC
090 ## - LOCALLY ASSIGNED LC-TYPE CALL NUMBER (OCLC); LOCAL CALL NUMBER (RLIN)
Classification number (OCLC) (R) ; Classification number, CALL (RLIN) (NR) Internet Access
Local cutter number (OCLC) ; Book number/undivided call number, CALL (RLIN) AEU
090 ## - LOCALLY ASSIGNED LC-TYPE CALL NUMBER (OCLC); LOCAL CALL NUMBER (RLIN)
Classification number (OCLC) (R) ; Classification number, CALL (RLIN) (NR) Internet Access
Local cutter number (OCLC) ; Book number/undivided call number, CALL (RLIN) AFMK
090 ## - LOCALLY ASSIGNED LC-TYPE CALL NUMBER (OCLC); LOCAL CALL NUMBER (RLIN)
Classification number (OCLC) (R) ; Classification number, CALL (RLIN) (NR) Internet Access
Local cutter number (OCLC) ; Book number/undivided call number, CALL (RLIN) AGPC
090 ## - LOCALLY ASSIGNED LC-TYPE CALL NUMBER (OCLC); LOCAL CALL NUMBER (RLIN)
Classification number (OCLC) (R) ; Classification number, CALL (RLIN) (NR) Internet Access
Local cutter number (OCLC) ; Book number/undivided call number, CALL (RLIN) ASAV
100 1# - MAIN ENTRY--PERSONAL NAME
Personal name Savin-Baden, Maggi,
Dates associated with a name 1960-
245 10 - TITLE STATEMENT
Title Foundations of problem-based learning
Statement of responsibility, etc. Maggi-Savin Baden and Claire Howell Major.
260 ## - PUBLICATION, DISTRIBUTION, ETC.
Place of publication, distribution, etc. Maidenhead :
Name of publisher, distributor, etc. Society for Research into Higher Education & Open University Press,
Date of publication, distribution, etc. 2004.
300 ## - PHYSICAL DESCRIPTION
Extent 1 online resource.
336 ## - CONTENT TYPE
Content type term text
Content type code txt
Source rdacontent
337 ## - MEDIA TYPE
Media type term computer
Media type code c
Source rdamedia
338 ## - CARRIER TYPE
Carrier type term online resource
Carrier type code cr
Source rdacarrier
504 ## - BIBLIOGRAPHY, ETC. NOTE
Bibliography, etc. note Includes bibliographical references and index.
506 ## - RESTRICTIONS ON ACCESS NOTE
Terms governing access Access restricted to authorized users and institutions.
650 #0 - SUBJECT ADDED ENTRY--TOPICAL TERM
Topical term or geographic name entry element Education, Higher.
650 #0 - SUBJECT ADDED ENTRY--TOPICAL TERM
Topical term or geographic name entry element Problem-based learning.
700 1# - ADDED ENTRY--PERSONAL NAME
Personal name Major, Claire Howell.
710 2# - ADDED ENTRY--CORPORATE NAME
Corporate name or jurisdiction name as entry element Society for Research into Higher Education.
856 40 - ELECTRONIC LOCATION AND ACCESS
Uniform Resource Identifier https://search.ebscohost.com/login.aspx?direct=true&scope=site&db=e000xna&AN=234101
856 40 - ELECTRONIC LOCATION AND ACCESS
Uniform Resource Identifier https://search.ebscohost.com/login.aspx?direct=true&scope=site&db=e000xna&AN=234101
856 40 - ELECTRONIC LOCATION AND ACCESS
Uniform Resource Identifier https://search.ebscohost.com/login.aspx?direct=true&scope=site&db=e000xna&AN=234101
856 40 - ELECTRONIC LOCATION AND ACCESS
Uniform Resource Identifier https://search.ebscohost.com/login.aspx?direct=true&scope=site&db=e000xna&AN=234101
856 40 - ELECTRONIC LOCATION AND ACCESS
Uniform Resource Identifier https://search.ebscohost.com/login.aspx?direct=true&scope=site&db=e000xna&AN=234101
856 40 - ELECTRONIC LOCATION AND ACCESS
Uniform Resource Identifier https://search.ebscohost.com/login.aspx?direct=true&scope=site&db=e000xna&AN=234101
856 40 - ELECTRONIC LOCATION AND ACCESS
Uniform Resource Identifier https://search.ebscohost.com/login.aspx?direct=true&scope=site&db=e000xna&AN=234101
856 40 - ELECTRONIC LOCATION AND ACCESS
Uniform Resource Identifier https://search.ebscohost.com/login.aspx?direct=true&scope=site&db=e000xna&AN=234101
856 40 - ELECTRONIC LOCATION AND ACCESS
Uniform Resource Identifier https://search.ebscohost.com/login.aspx?direct=true&scope=site&db=e000xna&AN=234101
942 ## - ADDED ENTRY ELEMENTS (KOHA)
Source of classification or shelving scheme
Koha item type Book
Suppress in OPAC DO
949 ## - LOCAL PROCESSING INFORMATION (OCLC)
h UAIN
m NORQ_MAIN
z EBSCONQAC
Holdings
Withdrawn status Lost status Source of classification or shelving scheme Damaged status Not for loan Permanent Location Current Location Shelving location Date acquired Total Checkouts Full call number Barcode Date last seen Price effective from Koha item type Public note
          AU LIBRARY AU LIBRARY Open Shelf 23.06.2021   LB1027 .S28 2004 28001734 23.06.2021 23.06.2021 Book DO

Powered by Koha